Covid-19 Lockdown: (Record no. 211771)

MARC details
000 -LEADER
fixed length control field 00565nam a2200181 4500
005 - DATE AND TIME OF LATEST TRANSACTION
control field 20250612151611.0
010 ## - LCCN (DPL NO)
LC control number ENG-145305
020 ## - INTERNATIONAL STANDARD BOOK NUMBER
International Standard Book Number 9789390082995
Terms of availability 590.00
035 ## - SYSTEM CONTROL NUMBER
System control number EN-128837
037 ## - SOURCE OF ACQUISITION
Source of stock number/acquisition DBAD
082 ## - DEWEY DECIMAL CLASSIFICATION NUMBER
Classification number 616.5922
100 ## - MAIN ENTRY--PERSONAL NAME
Personal name Rajendran, S.
245 ## - TITLE STATEMENT
Title Covid-19 Lockdown:
Remainder of title Impact on Rural Economy/
Statement of responsibility, etc S. Rajendran
260 ## - PUBLICATION, DISTRIBUTION, ETC. (IMPRINT)
Place of publication, distribution, etc Madurai
Name of publisher, distributor, etc Shanlax Publications
Date of publication, distribution, etc 2021
270 ## - ADDRESS
Address 61,66 Vasantha Nagar
City Madurai
Postal code 625003
Electronic mail address shanlaxpublications@gmail.com
300 ## - PHYSICAL DESCRIPTION
Extent 193p.
Dimensions 24cm(Pb)
942 ## - ADDED ENTRY ELEMENTS (KOHA)
Source of classification or shelving scheme Dewey Decimal Classification
Item type English Books
Classification part 616.5922
Call number suffix RAJ
Holdings
Withdrawn status Lost status Not for loan Collection code Home library Current library Date acquired Source of acquisition Cost, normal purchase price Full call number Barcode Copy number Cost, replacement price Koha item type
    Not For Loan Non-fiction Patel Nagar Patel Nagar 12/06/2025 Delivery of Books Act Division 590.00 616.5922 RAJ EN-128837 1 590.00 English Books

© Delhi Public Library
Hit Counter
free hit counter